| 000 | 00599nam a22001577a 4500 | ||
|---|---|---|---|
| 005 | 20150202135348.0 | ||
| 008 | 150202b xxu||||| |||| 00| 0 eng d | ||
| 050 |
_aHF 5415.335 _b.V722 2014 |
||
| 100 | _aVillaroman, Ma. Celina C. | ||
| 245 |
_aLevel of customer satisfaction on the quality of service in Kat's cafe / _cMa. Celina C. Villaroman. |
||
| 260 |
_aPhilippines, Las PiƱas City : _bSouthville International School and Colleges, _cc2014. |
||
| 300 |
_a45 pages : _billustrations ; _c28 cm. |
||
| 521 | _aBusiness Administration | ||
| 650 | _aConsumer satisfaction. | ||
| 942 |
_2lcc _cBK _kLOC |
||
| 999 |
_c282514 _d282514 |
||